Language, literature and education / (Record no. 16302)

MARC details
000 -LEADER
fixed length control field 01139nam a22002775a 4500
005 - DATE AND TIME OF LATEST TRANSACTION
control field 20080703100559.0
008 - FIXED-LENGTH DATA ELEMENTS--GENERAL INFORMATION
fixed length control field 080326s2008 ii b 011 0 eng
010 ## - LCCN (DPL NO)
LC control number ENG-91174
020 ## - INTERNATIONAL STANDARD BOOK NUMBER
International Standard Book Number 9788189901462
Terms of availability 675.00
035 ## - SYSTEM CONTROL NUMBER
System control number EN-74707
037 ## - SOURCE OF ACQUISITION
Source of stock number/acquisition DBAD / PUB
040 ## - CATALOGING SOURCE
Original cataloging agency dpl
Language of cataloging English
082 ## - DEWEY DECIMAL CLASSIFICATION NUMBER
Classification number 370.1170954
100 ## - MAIN ENTRY--PERSONAL NAME
Personal name Yadav, Saryug
245 ## - TITLE STATEMENT
Title Language, literature and education /
Statement of responsibility, etc by Saryug Yadav
260 ## - PUBLICATION, DISTRIBUTION, ETC. (IMPRINT)
Place of publication, distribution, etc Delhi :
Name of publisher, distributor, etc Academic Excellence,
Date of publication, distribution, etc 2008.
270 ## - ADDRESS
Address 42, Ekta Apartment, Geeta Colony,
City Delhi
Postal code 110031
300 ## - PHYSICAL DESCRIPTION
Extent vii, 266p.
Dimensions 22 cm (Hb)
500 ## - GENERAL NOTE
General note Includes bibliographical references and index.
520 ## - SUMMARY, ETC.
Summary, etc Contributed articles published to commemorate a festschrift of Prof. M.S. Venkataramani (1925-2006).
650 ## - SUBJECT ADDED ENTRY--TOPICAL TERM
Topical term or geographic name as entry element Multicultural education
Geographic subdivision India
650 ## - SUBJECT ADDED ENTRY--TOPICAL TERM
Topical term or geographic name as entry element Education, Bilingual
Geographic subdivision India
650 ## - SUBJECT ADDED ENTRY--TOPICAL TERM
Topical term or geographic name as entry element Education
General subdivision Political aspects
Geographic subdivision India
942 ## - ADDED ENTRY ELEMENTS (KOHA)
Source of classification or shelving scheme Dewey Decimal Classification
Item type English Books
Call number suffix YAD
Classification part 370.1170954
Holdings
Withdrawn status Lost status Source of classification or shelving scheme Damaged status Not for loan Collection code Home library Current library Date acquired Source of acquisition Cost, normal purchase price Total Checkouts Full call number Barcode Date last seen Copy number Cost, replacement price Koha item type
    Dewey Decimal Classification   Not For Loan Non-fiction D.B.Act.Division D.B.Act.Division 07/10/2008 DBAD / PUB 675.00   370.1170954 YAD EN-74707 07/10/2008 1 675.00 English Books

© Delhi Public Library
Hit Counter
free hit counter